| Поле | Инд. | ПП | Название | Значение |
|---|---|---|---|---|
| Тип записи | a | |||
| Библиографический уровень | m | |||
| 001 | Контрольный номер | RU/LIBMSTU/314364996 | ||
| 005 | Дата корректировки | 20140923120401.9 | ||
| 008 | Кодируемые данные | 091217|||||||||ru |||||||||||000|||rus|| | ||
| 020 | a | ISBN | 978-5-282-02971-0 | |
| c | Цена, тираж | 277-97 | ||
| 040 | b | Код языка каталог. | rus | |
| 041 | a | Код языка текста | rus | |
| 084 | a | Индекс другой классификации/Индекс ББК | 65.291.8+65.305 | |
| 090 | a | Полочн. индекс | 65.291.8 | |
| x | Авторский знак | В 18 | ||
| 100 | 1_ | a | Автор | Варфоломеев В. П. |
| 245 | 10 | a | Заглавие | Управление высокотехнологичным производством |
| b | Продолж. заглавия | монография | ||
| 260 | a | Место издания | [Москва] | |
| b | Издательство | Экономика | ||
| c | Дата издания | [2009] | ||
| 300 | a | Объем | 365, [1] с. | |
| b | Иллюстрации/ тип воспроизводства | ил. | ||
| 504 | a | Библиография | Библиогр.: с. 361-363 | |
| 650 | a | Основная рубрика | Экономика-Российская Федерация-Промышленность-Инновации-Управление | |
| 653 | a | Ключевые слова | Высокотехнологичное производство | |
| a | Ключевые слова | Кадровое обеспечение | ||
| a | Ключевые слова | Научно-технологическое развитие | ||
| a | Ключевые слова | Национальная инновационная система | ||
| a | Ключевые слова | Организация производства | ||
| a | Ключевые слова | Управление производством | ||
| a | Ключевые слова | Управление стоимостью | ||
| a | Ключевые слова | Эффективность исследований | ||
| a | Ключевые слова | Монографии | ||
| 901 | t | Тип документа | m | |
| 952 | c | Вид литературы | монография |